Hokej

Bibliographic Details
Format: Article
Language:Slovak
PhysicalDescription:Tab.
ISSN:0139-7001
Subjects:

MARC

LEADER 00000nab a2200000 ar4500
001 vtls009279364
003 SK-MaSNL
005 20260303052531.0
008 080327c20080319xo mr|p|||||||000 b|slo
015 |a SNKBUCL2008/04  |2 snkbucl 
038 |a SNKBUCL 
040 |a SNKBUCL  |b slo  |c SNKBUCL  |e AACR2 
041 0 |a slo 
044 |a xo  |c SK 
080 |a 796.966.093.1-053.6  |2 2001 
245 0 0 |a Hokej 
300 |b Tab. 
648 7 |a sezóna 2007/2008  |2 snkbucl  |9 831001 
650 0 7 |a ľadový hokej  |2 snkbucl  |9 3231 
650 0 7 |a juniori  |2 snkbucl  |9 838750 
650 0 7 |a extraliga  |2 snkbucl  |9 18992 
650 0 7 |a štvrťfinále play-off  |2 snkbucl  |9 1033439 
650 0 7 |a prvé zápasy  |2 snkbucl  |9 1034012 
773 0 |t Šport  |g Roč. 62, č. 67 (19.3.2008), s. 39  |x 0139-7001 
852 |a SNK  |b KIS3GCP 
999 |c 1715713  |d 1717643